| 000 | 00327nam a22001217a 4500 | ||
|---|---|---|---|
| 008 | 181129b xxu||||| |||| 00| 0 eng d | ||
| 041 | _aeng | ||
| 080 | _a043.3 | ||
| 100 | _a0 | ||
| 101 | _aMTH-MBE | ||
| 245 |
_aNdikimi i teknologjise dhe sistemeve te informacionit ne produktivitetin e NVM-ve _cIbrahimi, K |
||
| 942 |
_2udc _cBK |
||
| 999 |
_c52644 _d52644 |
||